Core Curriculum for Critical Care Nursing (Record no. 700)

000 -LEADER
fixed length control field 00706nam a22002417a 4500
003 - CONTROL NUMBER IDENTIFIER
control field OSt
005 - DATE AND TIME OF LATEST TRANSACTION
control field 20210421073220.0
008 - FIXED-LENGTH DATA ELEMENTS--GENERAL INFORMATION
fixed length control field 201218s2006 ||||| |||| 00| 0 eng d
020 ## - INTERNATIONAL STANDARD BOOK NUMBER
International Standard Book Number 9780721604503
020 ## - INTERNATIONAL STANDARD BOOK NUMBER
International Standard Book Number 0721604501
040 ## - CATALOGING SOURCE
Original cataloging agency eng
Language of cataloging eng
Transcribing agency DLC
Modifying agency eng
041 ## - LANGUAGE CODE
Language code of text/sound track or separate title eng
080 ## - UNIVERSAL DECIMAL CLASSIFICATION NUMBER
Universal Decimal Classification number 616-08
Item number A-43
100 ## - MAIN ENTRY--PERSONAL NAME
9 (RLIN) 532
Personal name Alspach, Grif JoAnn
Relator term Editor
245 ## - TITLE STATEMENT
Title Core Curriculum for Critical Care Nursing
Statement of responsibility, etc. / by: American Association of Critical-Care Nurses
250 ## - EDITION STATEMENT
Edition statement 6th edition
260 ## - PUBLICATION, DISTRIBUTION, ETC.
Place of publication, distribution, etc. St. Louis
Name of publisher, distributor, etc. Saunders, Elsevier
Date of publication, distribution, etc. 2006
300 ## - PHYSICAL DESCRIPTION
Extent 967 p.
Other physical details ill.
365 ## - TRADE PRICE
Price amount 74.95 usd
650 #0 - SUBJECT ADDED ENTRY--TOPICAL TERM
9 (RLIN) 285
Topical term or geographic name entry element Patient Care
653 ## - INDEX TERM--UNCONTROLLED
Uncontrolled term პაციენტის მოვლა
942 ## - ADDED ENTRY ELEMENTS (KOHA)
Source of classification or shelving scheme
Koha item type Books
Edition 6
Holdings
Withdrawn status Lost status Source of classification or shelving scheme Damaged status Not for loan Permanent location Current location Date acquired Inventory number Total Checkouts Full call number Barcode Date last seen Price effective from Koha item type
          Ken Walker International University Ken Walker International University 12/18/2020 2159   616-08 A-43 2159 12/18/2020 12/18/2020 Books
          Ken Walker International University Ken Walker International University 12/18/2020 2158   616-08 A-43 2158 12/18/2020 12/18/2020 Books

Powered by Koha